| 000 | 00529nam a2200169Ia 4500 | ||
|---|---|---|---|
| 008 | 220216s9999 xx 000 0 und d | ||
| 100 | _aDatta S K | ||
| 245 | 0 | _aElectron beam initiated grafting and crosslinking of ethylene vinyl acetate copolymer. Part-1 : Structural characterization | |
| 260 |
_bRubber Chemistry and Technology _c1996 |
||
| 300 | _a120-129 | ||
| 650 | _aCrosslinking | ||
| 650 | _aEthylene vinyl acetate copolymer | ||
| 650 | _aGrafting | ||
| 700 | _aBhowmick A K | ||
| 700 | _aChaki T K | ||
| 942 | _cJS | ||
| 999 |
_c58524 _d58524 |
||